Szczegóły MARC21

Widoczne uczenie się dla nauczycieli : jak maksymalizować siłę oddziaływania na uczenie się /

003 -Nazwa inst., której nr kontr. jest w polu 001 [,]
    • @
    • Nazwa instytucji, której n kontrolny jest w polu 001
    • NUKAT
005 -DATA I CZAS OSTATNIEJ MODYFIKACJI [,]
    • @
    • pole kontrolne
    • 20241231113415.0
020 -Międzynarod. znormalizowany nr książki - ISBN [ , ]
    • a
    • Numer ISBN
    • 9788364602528 Find
040 -Instytucja sporządzająca opis [ , ]
    • a
    • Instytucja, która sporządziła opis (NP)
    • SZCZ M/RK
    • c
    • Instytucja, która sporządziła rekord (NP)
    • SZCZ M/RK
    • d
    • Instytucja, która zmodyfikowała rekord (P)
    • Ł U/MRs
942 -Rodzaj dokumentu [ , ]
    • c
    • Rodzaj dokumentu
    • Książka
100 -Hasło główne - nazwa osobowa [1, ]
    • a
    • Nazwa osobowa (NP)
    • Hattie, John
    • d
    • Daty biograficzne (NP)
    • (1950- ).
    • 9
    • KHW
    • 568739
245 -Strefa tytułu i oznaczenia odpowiedzialności [1,0]
    • a
    • Tytuł
    • Widoczne uczenie się dla nauczycieli : Find
    • b
    • Ciąg dalszy tytułu (NP)
    • jak maksymalizować siłę oddziaływania na uczenie się / Find
    • c
    • Pozostałe elementy strefy tytułu i oznaczenia odpowiedzialności (NP)
    • John Hattie ; [przekład Zofia Janowska, współpraca Magdalena Pater].
246 -Wariant tytułu [1, ]
    • i
    • Tekst wyświetlany na ekranie monitora (NP)
    • Tyt. oryg.:
    • a
    • Tytuł (NP)
    • Visible learning for teachers :
    • b
    • Ciąg dalszy tytułu (NP)
    • maximizing impact on learning
246 -Wariant tytułu [3,0]
    • a
    • Tytuł (NP)
    • Jak maksymalizować siłę oddziaływania na uczenie się
260 -Strefa adresu wydawniczego [ , ]
    • a
    • Miejsce wydania (P)
    • Warszawa :
    • b
    • Nazwa wydawcy (P)
    • Centrum Edukacji Obywatelskiej,
    • c
    • Data wydania (P)
    • 2015.
300 -Strefa opisu fizycznego [ , ]
    • a
    • Określenie formy książki i/lub objętość (NP)
    • 392 s. :
    • b
    • Oznaczenie ilustracji (NP)
    • il. ;
    • c
    • Format (NP)
    • 24 cm.
336 -Typ zawartości [ , ]
    • a
    • Termin opisujący typ zawartości
    • Tekst
    • b
    • Kod określający zawartość
    • txt
    • 2
    • Źródło (terminu i kodu)
    • rdacontent
337 -Typ mediów [ , ]
    • a
    • Tryb odtwarzania
    • Bez urządzenia pośredniczącego
    • b
    • Kod typu mediów
    • n
    • 2
    • Źródło (terminu i kodu)
    • rdamedia
338 -Typ/rodzaj nośnika [ , ]
    • a
    • Hasło opisujące typ nośnika
    • Wolumin
    • b
    • Kod typu nośnika
    • nc
    • 2
    • Źródło (terminu i kodu)
    • rdacarrier
490 -Strefa serii i książki wielotomowej - forma nie do wyszukiwania [1, ]
    • a
    • Tytuł (P)
    • Biblioteka Szkoły Uczącej Się Find
830 -Hasło dodatkowe serii i opisu książki wielotomowej - tytuł ujednolicony/tytuł [ ,0]
    • a
    • Tytuł ujednolicony/tytuł (NP)
    • Biblioteka Szkoły Uczącej Się
    • 9
    • KHW
    • 568743
504 -Uwaga dot. bibliogr. załącznikowej [ , ]
    • a
    • Uwaga dot. bibliografii załącznikowej
    • Bibliogr. 303-312. Indeksy.
650 -Hasło przedmiotowe [ ,7]
    • a
    • Hasło przedmiotowe
    • Efektywność kształcenia.
    • 2
    • Źródło terminu
    • kaba
    • 9
    • KHW
    • 194523
650 -Hasło przedmiotowe [ ,7]
    • a
    • Hasło przedmiotowe
    • Komunikacja wizualna w nauce.
    • 2
    • Źródło terminu
    • kaba
    • 9
    • KHW
    • 201970
650 -Hasło przedmiotowe [ ,7]
    • a
    • Hasło przedmiotowe
    • Psychologia uczenia się.
    • 2
    • Źródło terminu
    • kaba
    • 9
    • KHW
    • 126986
700 -Hasło dodatkowe - nazwa osobowa [1, ]
    • a
    • Nazwa osobowa (NP)
    • Janowska, Zofia Find
    • c
    • Dopowiedzenie inne niż daty biograficzne (NP)
    • (edukacja).
    • e
    • Określenie rodzaju współpracy
    • Tł.
    • 9
    • KHW
    • 568740
700 -Hasło dodatkowe - nazwa osobowa [1, ]
    • a
    • Nazwa osobowa (NP)
    • Pater, Magdalena. Find
    • e
    • Określenie rodzaju współpracy
    • Tł.
    • 9
    • KHW
    • 568741
710 -Hasło dodatkowe - nazwa ciała zbiorowego [2, ]
    • a
    • Nazwa ciała zbiorowego lub nazwa geograficzna jako pierwszy element (NP)
    • Fundacja Centrum Edukacji Obywatelskiej (Warszawa).
    • 4
    • Kod relacji
    • pbl
    • 9
    • KHW
    • 568742
920 -ISBN [ , ]
    • a
    • ISBN
    • 978-83-64602-52-8 Find
Lokalizacja Data inwentaryzacji Status udost. Numer inwentarzowy
BG2020-12-221Z.124512
BG2021-09-16-3WM.26705